Statistics for Norges 50 største selskaper (2021)

Click here to take the quiz!

General Stats

  • This quiz has been taken 78 times
  • The average score is 10 of 50

Answer Stats

Answer% Correct
TelekomTelenor
79%
EnergiEquinor
70%
HandelCoop Norge
61%
FinansDNB
59%
ForbrukOrkla
54%
HandelNorgesGruppen
48%
IndustriHydro
46%
FinansSparebank 1 Gruppen
46%
IndustriAker Solutions
43%
HandelReitangruppen
38%
MatTine
38%
FinansGjensidige
30%
IndustriYara
30%
EnergiAker BP
27%
EnergiLundin Energy Norway
27%
FinansStorebrand
25%
FinansVisma
25%
MatLerøy Seafood Group
21%
EnergiWintershall Dea Norge
21%
ByggVeidekke
20%
ForbrukPosten
18%
ByggAF Gruppen
16%
IndustriElkem
16%
FinansKistefos
16%
EnergiStatkraft
16%
IndustriDahl Optimera
13%
MatFelleskjøpet
13%
ShippingWilh. Wilhelmsen
13%
MatBama-gruppen
11%
HandelBertel O. Steen
11%
FinansKLP
9%
HandelMøllergruppen
9%
MatMowi
9%
EnergiAgder Energi
5%
IndustriJotun
5%
IndustriKongsberg Gruppen
5%
MatNortura
5%
HandelVinmonopolet
5%
MatAustevoll Seafood
4%
ForbrukNorsk Tipping
4%
EnergiOMV Norge
4%
ShippingStolt-Nielsen
4%
OffshoreSubsea 7
4%
ForbrukAtea
2%
IndustriCrayon
2%
ServiceDNV GL
2%
IndustriFerd Holding
2%
IndustriVår Energi
2%
EnergiConocoPhillips Norge
0%
EnergiLyse
0%

Score Distribution

Percentile by Number Answered

Percent of People with Each Score

Your Score History

You have not taken this quiz